000 00745nam a22002297a 4500
005 20170124110238.0
010 _aB-062812
020 _c595.00
_a8120319397
035 _aB-062812
037 _bCen Lib/Ret
040 _aDPL
_bEN
082 _a005.754
_bMIC
245 _aMicrosoft SQL server 2000 performance tunning technical reference /
_cby Edward Whalen...[et al]
260 _aNew Delhi
_bPrentice Hall of India
_c2001
270 _aM-97, connaught circus
_bNew Delhi
_e110001
300 _axix, 438p.
_c23cm(Hb)
500 _aIncludes appendix, index and glossary
650 _aComputer science
_943650
650 _aSQL server
_943651
700 _aWhalen, Edward
_9438
942 _2ddc
_cEN
_h005.754
_mMIC
999 _c134983
_d134983